Calcul mental #1 - Statistiques

Statistiques générales
  • Ce quiz a été pris 114 fois
  • Le résultat moyen est 47 sur 50
Statistiques - réponses
Opérations Réponses % Correct
3 x 4 = 12
100%
5 x 4 = 20
100%
15 + 9 = 24
100%
3 x 9 = 27
100%
13 - 9 = 4
100%
7 x 6 = 42
100%
6 + 8 = 14
99%
7 x 4 = 28
99%
18 - 11 = 7
99%
25 - 12 = 13
98%
3 x 7 = 21
98%
16 + 7 = 23
98%
9 x 4 = 36
98%
48 : 6 = 8
98%
4² = 16
97%
6 x 6 = 36
97%
5 x 8 = 40
97%
5² = 25
96%
34 - 7 = 27
96%
46 - 9 = 37
96%
2² = 4
96%
7² = 49
96%
42 : 7 = 6
96%
5 x 3 = 15
95%
8 + 9 = 17
95%
19 + 3 = 22
95%
5 x 9 = 45
95%
10 x 7 = 70
95%
16 : 8 = 2
94%
65 - 30 = 35
94%
50 : 10 = 5
94%
7 x 8 = 56
94%
14 - 6 = 8
94%
32 : 4 = 8
94%
3² = 9
94%
72 : 8 = 9
94%
8 x 9 = 72
93%
20 x 4 = 80
93%
3 x 6 = 18
92%
8² = 64
92%
22 - 7 = 15
91%
7² - 3² = 40
91%
2 x 26 = 52
91%
17 + 8 = 25
90%
76 - 8 = 68
88%
9² + 2² = 85
87%
54 : 6 = 9
86%
38 : 2 = 19
85%
10² + 45 = 145
82%
8² - 5² = 39
77%
Aucun quiz correspondant
Distribution des résultats
% des personnes avec chaque résultat
Percentile par nombre de réponses
Votre historique - résultats
Vous n’avez pas pris ce quiz